Reformation to industrial revolution
Αποθηκεύτηκε σε:
| Κύριος συγγραφέας: | |
|---|---|
| Μορφή: | Βιβλίο |
| Γλώσσα: | English |
| Δημοσίευση: |
London :
Penguin Books,
1969
|
| Σειρά: | The Pelican economic history of Britain ;
; v.2: 1530-1780 |
| Θέματα: | |
| Ετικέτες: |
Προσθήκη ετικέτας
Δεν υπάρχουν, Καταχωρήστε ετικέτα πρώτοι!
|
MARC
| LEADER | 00000nam a2200000 i 4500 | ||
|---|---|---|---|
| 001 | 1/1965 | ||
| 008 | 950807s19690000 eng d | ||
| 020 | |a 0-14-020897-6 | ||
| 035 | |l 10014647 | ||
| 040 | |a GR-MY-UA |b gre |e aacr | ||
| 041 | 0 | |a eng | |
| 082 | 0 | |a 330.941 | |
| 100 | 1 | |a Hill, Christopher. | |
| 245 | 1 | 0 | |a Reformation to industrial revolution |
| 260 | |a London : |b Penguin Books, |c 1969 | ||
| 300 | |a 306 p.; |c 20 cm | ||
| 490 | 1 | |a The Pelican economic history of Britain |v ; v.2: 1530-1780 | |
| 504 | |a Includes bibliographical references and index | ||
| 651 | 0 | |a Great Britain |x Economic conditions. | |
| 830 | 0 | |a The Pelican economic history of Britain ; |v ; v.2: 1530-1780 | |
| 852 | |a INST |b LESVOS |e 19950807 |h 330.941 HIL |p 005100007564 |q 005100007564 |t BK |y 0 | ||
| 852 | |a INST |b LESVOS |e 19960723 |h 330.941 HIL |p 005100009468 |q 005100009468 |t BK |y 0 | ||
| 909 | |a Λ |b 021164 | ||